Stolice Europy - klikanie - Statystyki

Ogólne statystyki
  • Ten quiz został rozwiązany 74 razy
  • Średni wynik to 37 z 45
Statystyki odpowiedzi
Hint Odpowiedź % Poprawnych
Portugalia Lizbona
95%
Grecja Ateny
93%
Wielka Brytania Londyn
93%
Niemcy Berlin
91%
Belgia Bruksela
91%
Ukraina Kijów
91%
Hiszpania Madryt
91%
Rosja Moskwa
91%
Francja Paryż
91%
San Marino San Marino
91%
Watykan Watykan
91%
Austria Wiedeń
91%
Irlandia Dublin
88%
Luksemburg Luksemburg
88%
Białoruś Mińsk
88%
Czechy Praga
88%
Polska Warszawa
88%
Andora Andora
86%
Monako Monako
86%
Norwegia Oslo
86%
Islandia Reykjavík
86%
Włochy Rzym
86%
Holandia Amsterdam
84%
Finlandia Helsinki
84%
Łotwa Ryga
84%
Malta Valletta
84%
Szwajcaria Berno
81%
Bułgaria Sofia
81%
Albania Tirana
81%
Chorwacja Zagrzeb
81%
Rumunia Bukareszt
79%
Dania Kopenhaga
79%
Szwecja Sztokholm
79%
Litwa Wilno
79%
Mołdawia Kiszyniów
77%
Estonia Tallinn
77%
Węgry Budapeszt
74%
Słowenia Lublana
74%
Liechtenstein Vaduz
74%
Słowacja Bratysława
72%
Czarnogóra Podgorica
70%
Serbia Belgrad
67%
Kosowo Prisztina
67%
Bośnia i Hercegowina Sarajewo
67%
Macedonia Północna Skopje
60%
Nie znaleziono quizów pasujących do podanych kryteriów
Rozkład punktacji
Procent ludzi z każdym wynikiem
Percentyl według liczby udzielonych odpowiedzi
Twoja historia wyników
Nie rozwiązałeś tego quizu